| 000 | 01503nam0a2200313 4500 | ||
|---|---|---|---|
| 001 | RU\NLR\bibl\882911 | ||
| 005 | 20250614165511.0 | ||
| 010 |
_a5-86911-526-4 _9100 |
||
| 021 |
_aRU _b2005-70657 _93479 |
||
| 035 | _a(NLR Aleph) 000871465 | ||
| 090 |
_a1602164 _c1602164 |
||
| 100 | _a20051202d2005 |||y0rusy50 ca | ||
| 101 | 0 | _arus | |
| 102 | _aRU | ||
| 105 | _aa ||||||||| | ||
| 200 | 1 |
_aФотометрические полевые средства измерений концентрации жидких дисперсных систем _fВ.С. Фетисов _gФедер. агентство по образованию, Гос. образоват. учреждение высш. проф. образования "Уфим. гос. авиац. техн. ун-т" |
|
| 210 |
_aУфа _cУфимский государственный авиационный технический университет _d2005 |
||
| 215 |
_a232 с. _cил. _d21 |
||
| 320 | _aБиблиогр.: с. 216-224 (167 назв.) | ||
| 606 | 1 |
_aДисперсные системы жидкие _xКонцентрация _xОпределение _xФотометрические методы _92410537 _3RU\NLR\auth\661436273 |
|
| 686 | _aЛ111.31-1с342 | ||
| 700 | 1 |
_aФетисов _bВ. С. _gВладимир Станиславович _4070 |
|
| 801 | 0 |
_aRU _bNLR _c20051202 _grcr |
|
| 801 | 1 |
_aRU _bNLR _c20051202 |
|
| 830 | _aавт. по кн. | ||
| 942 | _cBOOK | ||
| 980 | _aNB | ||
| 980 | _aNBR | ||